000 00370pam a2200157a 44500
008 230515b1981 xxu||||| |||| 00| 0 eng d
020 _aNULL
041 _aENGLISH
082 _a630
100 _a5120-1977
245 _aTECHNICAL REQUIREMENTS FOR ROTO DYNAMIC SPECIAL PURPOSE PUMPS
250 _a0
260 _aDELHI
_bISI
_c1981
300 _a13
650 _aNULL
999 _c652225
_d652225